|
|
|
|
| LEADER |
00000nas a2200000 i 4500 |
| 001 |
ssj0001989996 |
| 003 |
WaSeSS |
| 005 |
20200512172242.0 |
| 006 |
m d |
| 007 |
cr n |
| 008 |
090511c20049999cr fr p s 0 0spa c |
| 010 |
|
|
|a 2018223253
|
| 022 |
|
|
|l 1659-1933
|y 1659-1933
|
| 035 |
|
|
|a (WaSeSS)ssj0001989996
|
| 040 |
|
|
|a STF
|b eng
|c STF
|d OCLCQ
|d OCLCF
|d OCLCO
|d CLU
|d WaSeSS
|
| 041 |
0 |
|
|a spa
|a eng
|
| 042 |
|
|
|a pcc
|
| 050 |
1 |
4 |
|a PB5
|b .R467
|
| 210 |
1 |
|
|a Rev. leng. mod.
|
| 222 |
|
0 |
|a Revista de lenguas modernas
|
| 245 |
0 |
0 |
|a Revista de lenguas modernas
|h [electronic resource].
|
| 246 |
1 |
|
|a Revista LM
|
| 246 |
1 |
|
|a Lenguas modernas
|
| 246 |
1 |
|
|i At head of title:
|a Latindex
|
| 260 |
|
|
|a San José, Costa Rica :
|b Escuela de Lenguas Modernas, Facultad de Letras, Universidad de Costa Rica
|
| 310 |
|
|
|a Semiannual
|
| 362 |
1 |
|
|a Began with no. 1 in 2004.
|
| 506 |
|
|
|a License restrictions may limit access.
|
| 515 |
|
|
|a Some issues combined.
|
| 546 |
|
|
|a Chiefly in Spanish, some articles in English.
|
| 588 |
|
|
|a Description based on: No. 7 (julio/diciembre 2007); title from title page.
|
| 588 |
|
|
|a Latest issue consulted: No. 11 (julio/diciembre 2009).
|
| 650 |
|
0 |
|a Philology, Modern
|v Periodicals.
|
| 650 |
|
0 |
|a Literature, Modern
|v Periodicals.
|
| 650 |
|
7 |
|a Literature, Modern.
|2 fast
|0 (OCoLC)fst01000172
|
| 650 |
|
7 |
|a Philology, Modern.
|2 fast
|0 (OCoLC)fst01060716
|
| 655 |
|
0 |
|a Electronic journals.
|
| 710 |
2 |
|
|a Universidad de Costa Rica.
|b Escuela de Lenguas Modernas.
|
| 856 |
4 |
0 |
|z Full text available from PRISMA Database with HAPI Index: 01/01/2010 to 07/31/2016
|u https://search.proquest.com/publication/1206335
|